00709nam a22002177a 4500008004100000040001800041041000800059110003500067245007100102260004900173300001700222500008300239650001800322650002800340650002300368650003300391650001300424650001500437650002600452651001300478130821s1937 ck gr spa  aCo-BoUCMbspa00aspa aColombia. Leyes, Decretos, Etc00aProyecto de ley sobre matrimonio, divorcio y separación conyugal aBogotá (Colombia)bImprenta Nacionalc1937 a87 páginas aIncluye índice. -- Este libro se encuentra en el depósito de la biblioteca04aDerecho civil04aDerecho civilzColombia04aDerecho de familia04aDerecho de familiazColombia04aDivorcio04aMatrimonio04aSeparación conyugal aColombia